00740 2200241 4500001002100000005001700021008004100038020001800079035002400097041000800121043001300129082001200142090002200154100002600176245010900202250001000311260005100321300002200372504001700394650005300411850001200464990002200476YOGYA-0711000000036720110708091556.0 ind  a979-420-729-2 0010-071100000000367 aInd aYOPD DIY a346.082 aDEP 346.082 Ans P aANSHORI, Abdul Ghofur aPenyelesaian sengketa perbankan syariah (analisis konsep dan UU no. 21 tahun 2008)cAbdul Ghofur Anshori aCet 1 aYogyakartabGadjah Mada University Pressc2010 ax, 234 hlmc21 cm ahlm. 172-179 aBank dan Perbankan - Undang-Undang dan peraturan aYOPDYOG aCB-D.11 2010-1911